<?xml version="1.0" encoding="UTF-8"?>
<record
    xmlns:xsi="http://www.w3.org/2001/XMLSchema-instance"
    xsi:schemaLocation="http://www.loc.gov/MARC21/slim http://www.loc.gov/standards/marcxml/schema/MARC21slim.xsd"
    xmlns="http://www.loc.gov/MARC21/slim">

  <leader>00194nam a2200085   4500</leader>
  <controlfield tag="001">1244293</controlfield>
  <controlfield tag="005">20251020114825.0</controlfield>
  <datafield tag="245" ind1=" " ind2=" ">
    <subfield code="a">NUREDD&#x130;N ZENG&#x130; &#x15E;ARK'IN KAND&#x130;L&#x130;</subfield>
    <subfield code="c">AL&#x130; EMRE</subfield>
  </datafield>
  <datafield tag="260" ind1=" " ind2=" ">
    <subfield code="b">KETEBE</subfield>
  </datafield>
  <datafield tag="999" ind1=" " ind2=" ">
    <subfield code="c">1244293</subfield>
    <subfield code="d">1244293</subfield>
  </datafield>
  <datafield tag="952" ind1=" " ind2=" ">
    <subfield code="0">0</subfield>
    <subfield code="1">0</subfield>
    <subfield code="2">ddc</subfield>
    <subfield code="4">0</subfield>
    <subfield code="7">0</subfield>
    <subfield code="a">1071</subfield>
    <subfield code="b">1071</subfield>
    <subfield code="d">2025-10-20</subfield>
    <subfield code="l">0</subfield>
    <subfield code="o">C1</subfield>
    <subfield code="p">10716240</subfield>
    <subfield code="r">2025-10-20 11:48:34</subfield>
    <subfield code="w">2025-10-20</subfield>
    <subfield code="y">BK</subfield>
  </datafield>
</record>
